Consequences of socio-technological change on the demand of services and the development of innovative systems
Dopady sociálnych a technologických zmien na spoločnosť. Strategické technologické trendy pre rok 2014. Zmeny v dopyte po službách v sektore hotelierstva a turizmu. Inovačné systémy v stratégii Európa 2020.
Salvato in:
| Autore principale: | |
|---|---|
| Natura: | Capitolo di libro |
| Lingua: | inglese |
| Soggetti: | |
| Tags: |
Nessun Tag, puoi essere il primo ad aggiungerne!!
|
MARC
| LEADER | 00000nla a2200000 4500 | ||
|---|---|---|---|
| 001 | 0197299 | ||
| 005 | 20240502073332.9 | ||
| 041 | 0 | |a eng | |
| 044 | |a SK | ||
| 245 | 1 | 0 | |a Consequences of socio-technological change on the demand of services and the development of innovative systems |c Miroslava Čukanová |
| 520 | |a Dopady sociálnych a technologických zmien na spoločnosť. Strategické technologické trendy pre rok 2014. Zmeny v dopyte po službách v sektore hotelierstva a turizmu. Inovačné systémy v stratégii Európa 2020. | ||
| 610 | 2 | 0 | |a zmeny technologické |
| 610 | 2 | 0 | |a dynamika systémov |
| 610 | 2 | 0 | |a systémy sociálne |
| 610 | 2 | 0 | |a výkonnosť inovačná |
| 100 | 1 | |a Čukanová, Miroslava, 1984- | |